000 01442nam a22004097a 4500
001 000094461
003 CHAP
005 20220329143029.0
008 050919d1997 mx r 00110 spa d
010 _a90927
011 _a91899
020 _a9688565237
035 _a102462
040 _cCHAP
082 0 4 _a371.3
_bR6
100 0 0 _aRojas Soriano, Raúl.
_999378
245 1 0 _aTrabajo intelectual e investigación de un plagio :
_b(recomendaciones para redactar un texto) /
_c/por Raúl Rojas Soriano.
260 _aMéxico :
_bPaza y Valdes,
_c1997.
300 _a131 p.
590 _aBATCH-UPD
_b10
_c20130110
_lUCH01
_h0550
590 _aBATCH-UPD
_b10
_c20130410
_lUCH01
_h0232
590 _aBATCH-UPD
_b10
_c20130914
_lUCH01
_h1650
590 _aCONVERSION
_b10
_c20130109
_lUCH01
_h1350
590 _aE11695DGD
_b10
_c20140611
_lUCH01
_h1007
650 1 4 _aIntelectuales.
_959504
650 1 4 _aInvestigación.
_960221
650 1 4 _aMétodos de estudio.
_976629
650 1 4 _aPlagio literario.
_988640
650 1 4 _aTrabajos científicos
_xElaboración.
_9114562
901 _aBK
905 _aElisama A. H.
942 _cLIBRO
942 _n0
949 _a371.3 R6
_bBC
_cLIBRO
_d33724000971321
_eLIBRO
_fc.3
_gI.c/e
_h1066701
_i102462
_sb
_t$75.00
949 _a371.3 R6
_bBC
_cLIBRO
_d33724000971339
_eLIBRO
_gI.c/e
_h106699
_i102462
_si
_t$75.00
949 _a371.3 R6
_bBC
_cLIBRO
_d33724000971396
_eLIBRO
_fc.2
_gI.c/e
_h1066700
_i102462
_sb
_t$75.00
999 _c90927
_d90927